01470nam a2200349 i 4500003000900000005001700009007000300026008004100029040003000070082001900100100002500119245004700144264003500191300002700226336002700253337003400280338002800314500002300342590002700365650003500392650007100427650007800498650005500576650005500631651007300686651007300759710005900832910001400891942001400905952018400919999001701103DO-SdBNP20260417203557.0ta110413s1997 dr 001 0 spa d aDO-SdBNPbspacBNPHUerda axxxxbI25s2221 aIñiquez, P.98397610aSymptoms of a sick culture /cP. Iñiquez 1aSanto Domingo:bUNPHU, c1997. a264 páginas c22 cm. 2rdacontentatextobtxt 2rdamediaasin mediación bn 2rdacarrieravolumenbnc aIncluye índice.  aInventariado, 2023/ YL 0aSanciones económicas 983963 4aSanciones económicas vCasos de estudiozAmérica Latina983964 4aComercio de azúcarxHistoria ySiglo XX.zRepública Dominicana983965 4aArancel sobre el azúcar zEstados Unidos.983966 4aDemocratización zRepública Dominicana.983967 4aEstados Unidos xRelaciones exterioreszRepública Dominicana96309 4aRepública DominicanaxRelaciones exterioreszEstados Unidos 963082 aUniversidad Nacional Pedro Henríquez Ureña 983980 aYLockward 2ddccLBS1 00102ddc51708PDaBNPHUbBNPHUcCTd2014-12-01eBarbara Suncarl0oxxxx I25sp2023-5389r2023-08-17w2023-08-17yLBS1zPerteneció a la biblioteca personal de Bárbara Suncar c54444d54444